The laughter of a slave / (Record no. 22581)
[ view plain ]
| 000 -LEADER | |
|---|---|
| fixed length control field | 00964cam a2200289 4500 |
| 001 - CONTROL NUMBER | |
| control field | 22581 |
| 003 - CONTROL NUMBER IDENTIFIER | |
| rucl marc code | BD-RjUL |
| 005 - DATE AND TIME OF LATEST TRANSACTION | |
| control field | 20211209000826.0 |
| 008 - FIXED-LENGTH DATA ELEMENTS--GENERAL INFORMATION | |
| fixed length control field | 140308s1970 pk 000 0 eng d |
| 035 ## - SYSTEM CONTROL NUMBER | |
| System control number | (OCoLC)ocm00137197 |
| System control number | (BD-RjUL) 22646 |
| System control number | (NNC)2821012 |
| System control number | 2821012 |
| 040 ## - CATALOGING SOURCE | |
| Original cataloging agency | DLC |
| Transcribing agency | DLC |
| Modifying agency | OCL |
| -- | BD-RjUL |
| Language of cataloging | eng |
| 041 1# - LANGUAGE CODE | |
| Language code of text/sound track or separate title | eng |
| Language code of original | ben |
| 082 ## - DEWEY DECIMAL CLASSIFICATION NUMBER | |
| Classification number | 891.4427 |
| Author mark and year | OSS 1970 |
| 100 1# - MAIN ENTRY--PERSONAL NAME | |
| Personal name | Osman,Shaukat |
| 9 (RLIN) | 69702 |
| 245 14 - TITLE STATEMENT | |
| Title | The laughter of a slave / |
| Statement of responsibility, etc. | Translated from the Bengali by Kabir Chowdhury. |
| 260 ## - PUBLICATION, DISTRIBUTION, ETC. (IMPRINT) | |
| Place of publication, distribution, etc. | Karachi : |
| Name of publisher, distributor, etc. | National Pub. House, |
| Date of publication, distribution, etc. | 1970. |
| 300 ## - PHYSICAL DESCRIPTION | |
| Pagination | 99 p. ; |
| Size | 23 cm. |
| 500 ## - GENERAL NOTE | |
| General note | On jacket: The original book in Bengali, entitled 'Kritadasher hashi' was awarded the Adamjee prize for literature, Pakistan's Pulitzer prize. |
| 650 ## - SUBJECT ADDED ENTRY--TOPICAL TERM | |
| Topical term or geographic name as entry element | Bengali fiction |
| 9 (RLIN) | 69703 |
| 700 1# - ADDED ENTRY--PERSONAL NAME | |
| Personal name | Chowdhury, Kabir, |
| Dates associated with a name | 1923-2011, |
| Relator term | translator. |
| 942 ## - ADDED ENTRY ELEMENTS (KOHA) | |
| Source of classification or shelving scheme | Dewey Decimal Classification |
| Koha item type | Books |
| Lost status | Source of classification or shelving scheme | Damaged status | Not for loan | Collection code | Permanent Location | Current Location | Shelving location | Date acquired | Source of acquisition | Cost, normal purchase price | Total Checkouts | Full call number | Date last seen | Copy number | Koha item type |
|---|---|---|---|---|---|---|---|---|---|---|---|---|---|---|---|
| Dewey Decimal Classification | Added to bundle | Fiction | Central Library, University of Rajshahi | Central Library, University of Rajshahi | Reading Room | 23/07/1970 | Royal Book Co. | 10.00 | 891.4427 OSS 1970 | 08/03/2014 | C-1 | Books |